|
|
|
|
| LEADER |
00879nam a22002057i 4500 |
| 003 |
GR-PaULI |
| 005 |
20240415114228.0 |
| 008 |
170220s1993 gr ||||g |||| 00| p gre d |
| 952 |
|
|
|0 0
|1 0
|2 ddc
|4 0
|6 889_134000000000000_ΛΑΓ
|7 0
|9 368604
|a LISP
|b LISP
|c DON
|d 2023-02-08
|e ΠΑΤ
|i 151397
|l 0
|o 889.134 ΛΑΓ
|p 025000280242
|r 2023-02-08 00:00:00
|t 1
|w 2023-02-08
|y BKN
|
| 999 |
|
|
|c 215390
|d 215390
|
| 040 |
|
|
|a GR-PaULI
|b gre
|c GR-PaULI
|e AACR2
|
| 082 |
0 |
4 |
|2 23
|a 889.134
|
| 100 |
1 |
|
|a Λάγκε, Έρση Α.,
|d 1937-
|e συγγραφέας.
|9 134912
|
| 245 |
1 |
0 |
|a Χαλκός :
|b ποίηση /
|c Έρση Λάγκε.
|
| 260 |
|
|
|a Αθήνα :
|b Φιλιππότης,
|c [1993].
|
| 300 |
|
|
|a 47 σ. ;
|c 21 εκ.
|
| 490 |
1 |
|
|a Ελληνίδες ποιήτριες
|v 9
|
| 830 |
|
0 |
|9 196031
|a Ελληνίδες ποιήτριες (Φιλιππότης)
|v 9
|
| 942 |
|
|
|2 ddc
|c BK
|
| 998 |
|
|
|c ΜΠΟΥΡΑΣ
|d 2023-02
|